[Event "ESP-ch U16 rapid"]
[Site "Salobrena"]
[Date "2023.07.29"]
[Round "2"]
[White "Paton Alvarez, Ivan"]
[Black "Fernandez Sanjuan, Oscar"]
[Result "0-1"]
[WhiteElo "1957"]
[BlackElo "1666"]
[PlyCount "88"]
[EventDate "2023.07.29"]
[EventType "swiss (rapid)"]
[EventRounds "9"]
[EventCountry "ESP"]
[SourceTitle "EXT 2024"]
[Source "ChessBase"]
[SourceDate "2023.10.10"]
[SourceVersion "1"]
[SourceVersionDate "2023.10.10"]
[SourceQuality "1"]

1. e4 c5 2. Nf3 g6 3. d4 cxd4 4. Nxd4 Bg7 5. Nc3 Nc6 6. Be3 Nf6 7. Bc4 0-0 8. Bb3 d6 9. f3 Bd7 10. Qd2 Nxd4 11. Bxd4 b5 12. h4 a5 13. h5 a4 14. Bd5 Rc8 15. a3 e5 16. Be3 Nxd5 17. Nxd5 Be6 18. Bh6 g5 19. Bxg5 f6 20. Be3 Rf7 21. c3 f5 22. Bg5 Qd7 23. Nb6 Qc7 24. Nxc8 Bxc8 25. 0-0-0 Bf8 26. Kb1 Be6 27. Qe2 Bc4 28. Qd2 Be6 29. Kc1 Qc4 30. Qd3 Qa2 31. Qb1 Qc4 32. Kd2 Rg7 33. f4 exf4 34. Qd3 Rxg5 35. Qxc4 Bxc4 36. exf5 Rxg2+ 37. Kc1 f3 38. Rhg1 Bh6+ 39. Kb1 Be3 40. Rge1 Be2 41. Rxd6 Rg1 42. Rxg1+ Bxg1 43. Rd8+ Kf7 44. Rd7+ Kf6 0-1

[Event "Padron Pre-Mundial U12"]
[Site "Padron"]
[Date "2018.09.08"]
[Round "9"]
[White "Fernandez Sanjuan, Oscar"]
[Black "Alonso Rodriguez, Tristan"]
[Result "1/2-1/2"]
[WhiteElo "1117"]
[BlackElo "1312"]
[PlyCount "78"]
[EventDate "2018.09.03"]
[EventType "swiss"]
[EventRounds "9"]
[EventCountry "ESP"]
[SourceTitle "EXT 2024"]
[Source "ChessBase"]
[SourceDate "2023.10.10"]
[SourceVersion "1"]
[SourceVersionDate "2023.10.10"]
[SourceQuality "1"]

1. c4 c5 2. Nc3 Nc6 3. g3 g6 4. Bg2 Bg7 5. e4 a6 6. a4 e6 7. Nge2 Nge7 8. 0-0 0-0 9. f4 d6 10. g4 Qc7 11. f5 exf5 12. exf5 gxf5 13. gxf5 Bxf5 14. Ng3 Bg6 15. Qg4 Kh8 16. Nh5 Bxh5 17. Qxh5 Ng6 18. Be4 Qe7 19. d3 Qe5 20. Rf5 Qd4+ 21. Kh1 Nce7 22. Ne2 Nxf5 23. Nxd4 Nxd4 24. Bd2 Nb3 25. Rd1 Rae8 26. Bc3 Nd4 27. Bxd4 Bxd4 28. Rf1 Re5 29. Qh3 Ree8 30. Qh5 Bxb2 31. Rb1 Bg7 32. Rf1 Kg8 33. Qh3 Re7 34. Qh5 Bd4 35. Qh3 Bg7 36. Qh5 Rfe8 37. Qh3 b6 38. Bc6 Rd8 39. Be4 Rdd7 1/2-1/2

[Event "Padron Pre-Mundial U12"]
[Site "Padron"]
[Date "2018.09.07"]
[Round "8"]
[White "Borrajo Pineiro, Xabier"]
[Black "Fernandez Sanjuan, Oscar"]
[Result "1-0"]
[WhiteElo "1115"]
[BlackElo "1117"]
[PlyCount "103"]
[EventDate "2018.09.03"]
[EventType "swiss"]
[EventRounds "9"]
[EventCountry "ESP"]
[SourceTitle "EXT 2024"]
[Source "ChessBase"]
[SourceDate "2023.10.10"]
[SourceVersion "1"]
[SourceVersionDate "2023.10.10"]
[SourceQuality "1"]

1. d4 Nf6 2. c4 c5 3. d5 b5 4. e3 bxc4 5. Bxc4 d6 6. Nc3 g6 7. Nf3 Bg7 8. 0-0 0-0 9. h3 Nbd7 10. Re1 Rb8 11. a3 Qa5 12. Qa4 Qxa4 13. Nxa4 Bb7 14. e4 Nb6 15. Nxb6 axb6 16. Bg5 b5 17. Bxb5 Bxd5 18. Bxf6 Bxf6 19. exd5 Rxb5 20. Rab1 Rfb8 21. g4 Kf8 22. Re4 Rxb2 23. Rbe1 Rb1 24. g5 Rxe1+ 25. Rxe1 Bg7 26. Re4 Rb3 27. Ra4 Rb8 28. Nd2 f6 29. gxf6 Bxf6 30. Rf4 Kg7 31. h4 Rb2 32. Ne4 Rb1+ 33. Kg2 Rd1 34. Nxf6 exf6 35. a4 Rxd5 36. a5 Re5 37. Ra4 Re8 38. a6 Ra8 39. Kf3 Kf7 40. Ke4 Ke6 41. a7 Kd7 42. Kd5 f5 43. f4 h5 44. Ra6 Ke7 45. Kc6 c4 46. Kb7 Rd8 47. a8Q Rxa8 48. Rxa8 d5 49. Kc6 d4 50. Ra4 d3 51. Rxc4 d2 52. Rd4 1-0

[Event "Padron Pre-Mundial U12"]
[Site "Padron"]
[Date "2018.09.06"]
[Round "6"]
[White "Fernandez Sanjuan, Oscar"]
[Black "Perez Sousa, Xabier"]
[Result "0-1"]
[WhiteElo "1117"]
[BlackElo "1485"]
[PlyCount "56"]
[EventDate "2018.09.03"]
[EventType "swiss"]
[EventRounds "9"]
[EventCountry "ESP"]
[SourceTitle "EXT 2024"]
[Source "ChessBase"]
[SourceDate "2023.10.10"]
[SourceVersion "1"]
[SourceVersionDate "2023.10.10"]
[SourceQuality "1"]

1. c4 e5 2. Nc3 Nc6 3. g3 g6 4. Bg2 Bg7 5. e4 f5 6. d3 d6 7. f4 Nf6 8. Nf3 0-0 9. 0-0 Bd7 10. Be3 Qe7 11. Re1 fxe4 12. dxe4 exf4 13. Bxf4 Qf7 14. b3 Nh5 15. Bd2 Bg4 16. Rf1 Nd4 17. Ng5 Qd7 18. Rxf8+ Rxf8 19. Qc1 h6 20. h3 hxg5 21. hxg4 Nxg3 22. Qd1 Nde2+ 23. Nxe2 Nxe2+ 24. Qxe2 Bxa1 25. Bxg5 Bd4+ 26. Kh2 Qh7+ 27. Kg3 Be5+ 28. Bf4 Rxf4 0-1